Language Quiz

Random Language or State Quiz

Common 'Other' Language per State Quiz Stats

Quiz Updated Mar 18, 2015

Also try: Language by Map
Challenge
Share
Tweet
Score 0/50 Timer 05:00
2 Plays Today
% Correct
French Creole
97.2%
French
97.1%
French
97.1%
French
97.1%
French
97.1%
French
97.1%
French
97.1%
French
97.1%
French
97.1%
French
97.1%
French
97.1%
French
97.1%
German
94%
German
94%
German
94%
German
94%
German
94%
German
94%
German
94%
German
94%
German
94%
German
94%
German
94%
German
94%
German
94%
% Correct
German
94%
German
94%
German
94%
Chinese
91.7%
Italian
81.9%
Italian
81.9%
Russian
79.2%
Portuguese
71.1%
Portuguese
71.1%
Arabic
64.4%
Korean
60%
Korean
60%
Polish
59.7%
Vietnamese
51.6%
Vietnamese
51.6%
Vietnamese
51.6%
Vietnamese
51.6%
Tagalog
38.2%
Tagalog
38.2%
Tagalog
38.2%
Navajo
30.3%
Navajo
30.3%
Dakota
14.5%
Hmong
11.6%
Yupik
5.4%

You're not logged in!

Compare scores with friends on all Sporcle quizzes.
Sign Up with Email
OR
Log In

You Might Also Like...

Show Comments

Extras

Top Quizzes Today


Score Distribution

Your Account Isn't Verified!

In order to create a playlist on Sporcle, you need to verify the email address you used during registration. Go to your Sporcle Settings to finish the process.